Statistics for Top PL Scorers Per Letter

Click here to take the quiz!

General Stats

  • This quiz has been taken 15 times
  • The average score is 9 of 26

Answer Stats

Letter(Goals)Answer% Correct
S(260)Shearer
100%
H(175)Henry
100%
V(144)Van Persie
80%
A(146)Aguero
70%
C(187)Cole
70%
G(120)Gerrard
60%
R(208)Rooney
60%
O(150)Owen
60%
L(177)Lampard
50%
Y(123)Yorke
50%
Z(59)Zola
40%
D(162)Defoe
40%
W(113)Wright
30%
K(126)Keane
20%
P(92)Phillips
20%
F(163)Fowler
20%
B(106)Bent
10%
J(51)Johnson
10%
T(84)Tevez
10%
X(3)Xhaka
10%
M(50)Murphy
0%
Q(59)Qiunn
0%
I(34)Izzet
0%
U(38)Unsworth
0%
E(56)Euell
0%
N(37)Noble
0%

Score Distribution

Percentile by Number Answered

Percent of People with Each Score

Your Score History

You have not taken this quiz